000 00710nam a2200205Ii 4500
003 JO-AjNU
008 230605s9999||||xx |||||||||||||| ||und||
040 _aJO-AjNU
_bara
_erda
_cJO-AjNU
041 _aara
050 1 4 _aD22 .C4
100 3 _aشينى، ل.ج.؛ ناصيف، مجد الدين حفني ترجمة؛ أدهم، علي مراجع,
_eauthor
_917376
245 0 0 _aتاريخ العالم الغربي
264 3 1 _aالقاهرة: دار النهضة العربية،(د.ت)
300 _a457ص
336 _atext
_btxt
_2rdacontent
337 _aunmediated
_bn
_2rdamedia
338 _avolume
_bnc
_2rdacarrier
490 0 _aالالف كتاب
650 4 _aاوروبا -- تاريخ 
_917377
999 _aA5354
_c8922
_d8922